[Event "Donostia Hiria Nazioarteko XXX"]
[Site "Donostia-San Sebastián"]
[Date "2009.04.06"]
[Round "2"]
[White "Bhat, Vinay S"]
[Black "Lakunza Oyarbide, Juan Carlos"]
[Result "1/2-1/2"]
[WhiteElo "2475"]
[BlackElo "2158"]
[PlyCount "100"]
[EventDate "2009.04.05"]
[EventRounds "9"]
[EventCountry "ESP"]

1. d4 Nf6 2. c4 g6 3. Nc3 Bg7 4. e4 d6 5. Nf3 O-O 6. Be2 e5 7. Be3 Ng4 8. Bg5
f6 9. Bh4 g5 10. Bg3 Nc6 11. h4 exd4 12. Nxd4 Nxd4 13. Qxd4 Kh8 14. Qd2 Be6 15.
Nb5 Qd7 16. Rc1 Rae8 17. Nd4 gxh4 18. Rxh4 f5 19. Kf1 Ne5 20. exf5 Bxf5 21.
Nxf5 Rxf5 22. Kg1 Ng6 23. Rh1 Qf7 24. Bd3 Rf6 25. Re1 Rfe6 26. Rf1 Be5 27. f4
Bd4+ 28. Bf2 Bxf2+ 29. Rxf2 Qf6 30. Rh3 Re1+ 31. Kh2 R1e7 32. Rh5 Re3 33. g3
Kg8 34. Bf1 Qf7 35. Rg5 Kh8 36. Qd4+ Kg8 37. Qxa7 c5 38. Bg2 Kh8 39. Qb6 Qf8
40. Rh5 Ne5 41. Rh4 Qg7 42. Qxb7 Qxg3+ 43. Kg1 Re1+ 44. Rf1 Nf3+ 45. Qxf3 Rxf1+
46. Qxf1 Qxh4 47. Qf3 Qe1+ 48. Kh2 Qh4+ 49. Kg1 Qe1+ 50. Kh2 Qh4+ 1/2-1/2

[Event "Donostia Hiria Nazioarteko XXX"]
[Site "Donostia-San Sebastián"]
[Date "2009.04.06"]
[Round "2"]
[White "Diaz Herrero, Alvaro"]
[Black "Pena Gomez, Manuel"]
[Result "1/2-1/2"]
[WhiteElo "2121"]
[BlackElo "2456"]
[PlyCount "71"]
[EventDate "2009.04.05"]
[EventRounds "9"]
[EventCountry "ESP"]

1. e4 c5 2. Nf3 d6 3. d4 cxd4 4. Nxd4 Nf6 5. Nc3 a6 6. Bg5 e6 7. f4 Qb6 8. Qd2
Nc6 9. O-O-O Nxd4 10. Qxd4 Qxd4 11. Rxd4 Nd7 12. Be2 b6 13. Bf3 Bb7 14. Re1 Rc8
15. Bh4 f6 16. f5 e5 17. Rd2 g6 18. Kb1 gxf5 19. exf5 Bxf3 20. gxf3 Be7 21. Ne4
Rc6 22. Red1 Rg8 23. c3 Kd8 24. Nxd6 Bxd6 25. Rxd6 Rxd6 26. Rxd6 Kc7 27. Rd2
Rg1+ 28. Kc2 Rf1 29. Rf2 Rg1 30. Re2 Rf1 31. Rf2 Rg1 32. Bg3 Kd6 33. Re2 Rf1
34. Rf2 Rg1 35. Re2 Rf1 36. Rf2 1/2-1/2

[Event "Donostia Hiria Nazioarteko XXX"]
[Site "Donostia-San Sebastián"]
[Date "2009.04.06"]
[Round "2"]
[White "Huerga Leache, Mikel"]
[Black "Abella Vazquez, Cesar"]
[Result "1-0"]
[WhiteElo "2451"]
[BlackElo "2139"]
[PlyCount "73"]
[EventDate "2009.04.05"]
[EventRounds "9"]
[EventCountry "ESP"]

1. e4 e6 2. d4 d5 3. Nc3 Nf6 4. Bg5 Bb4 5. exd5 exd5 6. Qf3 Nbd7 7. O-O-O Bxc3
8. Qe3+ Qe7 9. Qxc3 O-O 10. Qxc7 Qb4 11. a3 Qa4 12. Ne2 Ne4 13. Bh4 Qc6 14.
Qxc6 bxc6 15. f3 Nef6 16. Nc3 Nh5 17. g4 Nf4 18. Bg3 Ne6 19. Bd6 Rd8 20. Be2
Ndf8 21. Bg3 Ng6 22. Rhe1 Bd7 23. Ba6 Bc8 24. Bf1 Bd7 25. h4 Re8 26. h5 Ne7 27.
Na4 Nc8 28. Nc5 Nxc5 29. dxc5 Be6 30. Ba6 Ne7 31. Bc7 Bc8 32. Bxc8 Raxc8 33.
Bd6 Kf8 34. Re2 Rcd8 35. Rde1 Rd7 36. g5 Rb7 37. f4 1-0

[Event "Donostia Hiria Nazioarteko XXX"]
[Site "Donostia-San Sebastián"]
[Date "2009.04.06"]
[Round "2"]
[White "Spassov, Liuben"]
[Black "Fidalgo Fernandez, Lucia"]
[Result "1-0"]
[WhiteElo "2433"]
[BlackElo "2102"]
[PlyCount "59"]
[EventDate "2009.04.05"]
[EventRounds "9"]
[EventCountry "ESP"]

1. d4 d5 2. c4 dxc4 3. Nf3 e6 4. e3 Nf6 5. Bxc4 a6 6. O-O b5 7. Bd3 Bb7 8. a4
b4 9. Qe2 c5 10. dxc5 Bxc5 11. e4 Nbd7 12. Nbd2 Qb8 13. e5 Nd5 14. Nc4 h6 15.
Na5 Bc8 16. Bd2 Qc7 17. Nb3 a5 18. Rfc1 Qb6 19. Bb5 Be7 20. Nfd4 O-O 21. Rxc8
Rfxc8 22. Bxd7 Rc7 23. Bb5 Rd8 24. Rd1 Bf8 25. g3 Bc5 26. Qe4 Bxd4 27. Qxd4
Qxd4 28. Nxd4 Nc3 29. bxc3 bxc3 30. Be3 1-0

[Event "Donostia Hiria Nazioarteko XXX"]
[Site "Donostia-San Sebastián"]
[Date "2009.04.06"]
[Round "2"]
[White "Tejedor Txapartegui, Nabar"]
[Black "Arribas Lopez, Angel"]
[Result "0-1"]
[WhiteElo "2023"]
[BlackElo "2379"]
[PlyCount "44"]
[EventDate "2009.04.05"]
[EventRounds "9"]
[EventCountry "ESP"]

1. e4 c5 2. Nf3 d6 3. d4 cxd4 4. Nxd4 Nf6 5. Nc3 a6 6. Be3 e6 7. Be2 Be7 8. O-O
b5 9. a3 Bb7 10. Bd3 Nbd7 11. f4 Rc8 12. Qe2 O-O 13. Nb3 Re8 14. g4 Rxc3 15.
bxc3 Nxe4 16. Bd4 Nec5 17. Nxc5 dxc5 18. Bf2 Qa8 19. Bg3 c4 20. Bxc4 bxc4 21.
Qxc4 Bc5+ 22. Bf2 Bh1 0-1

[Event "Donostia Hiria Nazioarteko XXX"]
[Site "Donostia-San Sebastián"]
[Date "2009.04.06"]
[Round "2"]
[White "Camacho Collados, Jose"]
[Black "Garro Beraza, Haritz"]
[Result "1-0"]
[WhiteElo "2379"]
[BlackElo "2028"]
[PlyCount "89"]
[EventDate "2009.04.05"]
[EventRounds "9"]
[EventCountry "ESP"]

1. c4 Nf6 2. Nc3 g6 3. e4 d6 4. g3 e5 5. Bg2 Bg7 6. Nge2 Nc6 7. O-O O-O 8. d3
a6 9. h3 Rb8 10. f4 b5 11. f5 b4 12. Nd5 Nxd5 13. cxd5 Nd4 14. g4 Nxe2+ 15.
Qxe2 Bf6 16. Bh6 Bg5 17. Bxf8 Qxf8 18. fxg6 hxg6 19. Qf2 Qe7 20. a4 bxa3 21.
bxa3 Kg7 22. Kh1 Ra8 23. Ra2 Bf4 24. Qf3 Bd7 25. Rc2 Ba4 26. Rc4 Bb5 27. Rc3
Ba4 28. Rb1 Bd2 29. Rc4 Bb5 30. Rc2 Bf4 31. Bf1 Rh8 32. Kg2 Ba4 33. Rcb2 Bb5
34. d4 Bxf1+ 35. Rxf1 f5 36. exf5 gxf5 37. gxf5 Qg5+ 38. Kh1 Qxf5 39. Rg2+ Kf6
40. Rg4 Rh6 41. Kg2 Qc2+ 42. Rf2 Qf5 43. Qe2 Rg6 44. dxe5+ dxe5 45. Qxa6+ 1-0

[Event "Donostia Hiria Nazioarteko XXX"]
[Site "Donostia-San Sebastián"]
[Date "2009.04.07"]
[Round "3"]
[White "Spassov, Liuben"]
[Black "Delchev, Aleksander"]
[Result "1/2-1/2"]
[WhiteElo "2433"]
[BlackElo "2648"]
[PlyCount "103"]
[EventDate "2009.04.05"]
[EventRounds "9"]
[EventCountry "ESP"]

1. d4 Nf6 2. c4 g6 3. Nc3 d5 4. Nf3 Bg7 5. Bg5 Ne4 6. Bf4 Nxc3 7. bxc3 c5 8.
cxd5 Qxd5 9. e3 cxd4 10. cxd4 Nc6 11. Be2 O-O 12. O-O Bf5 13. Qa4 Qa5 14. Qb3
Qb4 15. Rfc1 Rac8 16. Bc4 Qxb3 17. axb3 Rfd8 18. h3 Bd7 19. Ng5 Be8 20. Nf3 a6
21. Be2 Bd7 22. g4 Be6 23. Bc4 Bd5 24. Nd2 Nb4 25. Bg3 Bc6 26. Rd1 b5 27. Be2
Bd5 28. Bf3 Bxf3 29. Nxf3 Rc3 30. Nd2 f5 31. Rdc1 Rd3 32. Bc7 Rf8 33. Ba5 Nd5
34. Kf1 e5 35. Rc5 Nxe3+ 36. Ke2 e4 37. fxe3 f4 38. Nf1 fxe3 39. Rac1 Bxd4 40.
Rc8 Rxb3 41. Rxf8+ Kxf8 42. Rc2 Rb1 43. Nxe3 Rh1 44. Bb4+ Ke8 45. Nf1 Rxh3 46.
Rc6 Kf7 47. Rd6 Bf6 48. Rxa6 h5 49. Ra7+ Ke6 50. Ra6+ Kf7 51. Ra7+ Ke6 52. Ra6+
1/2-1/2

[Event "Donostia Hiria Nazioarteko XXX"]
[Site "Donostia-San Sebastián"]
[Date "2009.04.07"]
[Round "3"]
[White "Suarez Pousa, Diego"]
[Black "Salgado Lopez, Ivan"]
[Result "0-1"]
[WhiteElo "2431"]
[BlackElo "2559"]
[PlyCount "102"]
[EventDate "2009.04.05"]
[EventRounds "9"]
[EventCountry "ESP"]

1. e4 c5 2. Nc3 a6 3. Nf3 d6 4. d4 cxd4 5. Nxd4 Nf6 6. h3 e6 7. g4 d5 8. exd5
Nxd5 9. Bd2 Nb4 10. Nb3 Bd7 11. Bg2 Bc6 12. O-O Be7 13. a3 Bxg2 14. Kxg2 N4c6
15. Be3 Nd7 16. f4 O-O 17. Qd3 Qc7 18. Rad1 Rad8 19. Qe4 Rfe8 20. Rf2 Nf6 21.
Rxd8 Rxd8 22. Qf3 Bf8 23. Rd2 Re8 24. Qf2 Ne7 25. Nc5 Ned5 26. N5e4 Nxc3 27.
Nxf6+ gxf6 28. bxc3 Qxc3 29. Bd4 Qc6+ 30. Qf3 e5 31. Qxc6 bxc6 32. fxe5 fxe5
33. Bb2 e4 34. Kf1 Rb8 35. Be5 Re8 36. Bb2 Rb8 37. Be5 Rb1+ 38. Ke2 Rb5 39. Bf6
Rd5 40. Rd4 Rxd4 41. Bxd4 Bxa3 42. Ke3 a5 43. Kxe4 a4 44. Kd3 Kf8 45. c4 Ke7
46. Kc2 Ke6 47. Kb1 f5 48. gxf5+ Kxf5 49. Bf2 Ke4 50. Kc2 Bb4 51. Bb6 c5 0-1

[Event "Donostia Hiria Nazioarteko XXX"]
[Site "Donostia-San Sebastián"]
[Date "2009.04.07"]
[Round "3"]
[White "Arribas Lopez, Angel"]
[Black "Narciso Dublan, Marc"]
[Result "1-0"]
[WhiteElo "2379"]
[BlackElo "2534"]
[PlyCount "97"]
[EventDate "2009.04.05"]
[EventRounds "9"]
[EventCountry "ESP"]

1. e4 c5 2. Nf3 e6 3. d4 cxd4 4. Nxd4 a6 5. Be2 Nf6 6. Nc3 Bb4 7. O-O d6 8. Bd3
Nbd7 9. Qe2 O-O 10. Kh1 Bxc3 11. bxc3 Qc7 12. c4 e5 13. Nf5 Nc5 14. Ne3 Be6 15.
f4 exf4 16. Rxf4 Nfd7 17. Rh4 g6 18. Nf5 Bxf5 19. exf5 Rfe8 20. Qd2 Qd8 21. Rd4
Qf6 22. Bb2 Na4 23. fxg6 hxg6 24. Rf1 Qe7 25. Ba1 Ne5 26. Be4 Rad8 27. Qh6 Qf8
28. Qxf8+ Rxf8 29. Bxb7 Nc5 30. Bd5 Kg7 31. Bc3 f6 32. Ba5 Rd7 33. Rb1 g5 34.
h3 Rh8 35. Kg1 Kg6 36. Rb6 g4 37. hxg4 Rh4 38. Bf3 Nf7 39. Rd5 Rh6 40. Bb4 Ne6
41. Be4+ Kg7 42. Bf5 Re7 43. Bxd6 Nxd6 44. Rdxd6 Ng5 45. Rd7 Rxd7 46. Bxd7 Kf7
47. Bf5 Ke7 48. c5 Kd8 49. Rb7 1-0

[Event "Donostia Hiria Nazioarteko XXX"]
[Site "Donostia-San Sebastián"]
[Date "2009.04.07"]
[Round "3"]
[White "Cifuentes Parada, Roberto"]
[Black "Camacho Collados, Jose"]
[Result "1/2-1/2"]
[WhiteElo "2531"]
[BlackElo "2379"]
[PlyCount "114"]
[EventDate "2009.04.05"]
[EventRounds "9"]
[EventCountry "ESP"]

1. Nf3 Nf6 2. c4 c5 3. Nc3 d5 4. cxd5 Nxd5 5. d4 cxd4 6. Qxd4 e6 7. e4 Nc6 8.
Bb5 Nxc3 9. Bxc6+ bxc6 10. Qxc3 Be7 11. O-O O-O 12. Be3 Qc7 13. Bc5 Bxc5 14.
Qxc5 Qb6 15. Rfc1 Qxb2 16. Rab1 Qe2 17. e5 Qxa2 18. Ra1 Qd5 19. Qc2 Qd8 20. h4
h6 21. Qxc6 Bd7 22. Qd6 Bb5 23. Rc7 Qxd6 24. exd6 Rfd8 25. Nd4 Bd3 26. d7 Be4
27. Nb5 Kf8 28. Nxa7 e5 29. Rd1 Rab8 30. Rc8 Ra8 31. Rc7 Rab8 32. f3 Rb7 33.
Rdc1 Rxd7 34. Rc8+ Ke7 35. Nc6+ Bxc6 36. R1xc6 f6 37. h5 Kf7 38. Kh2 Re7 39.
Kg3 f5 40. Rc4 Kf6 41. Kh4 e4 42. Rf8+ Ke5 43. Rc5+ Kd6 44. Rfxf5 e3 45. Rfd5+
Ke6 46. Rd1 Rb2 47. g4 Rd2 48. Re1 Kd6 49. Rc8 Kd5 50. Rd8+ Kc4 51. Rxe3 Rxe3
52. Rxd2 Rxf3 53. Rd7 Rf6 54. Rxg7 Kd5 55. g5 {[55.} Rg6 {Ke5  Rxf6  Kxf6} 56.
Kg3 {Kf7  Kf3  Ke7} Ke4 {Ke6  Kf4  Kf6?]  hxg5+  Kxg5  Rf1} 57. Rxg6 Ke5 {
Kh6  Rh1  Rg2} 1/2-1/2

[Event "Donostia Hiria Nazioarteko XXX"]
[Site "Donostia-San Sebastián"]
[Date "2009.04.07"]
[Round "3"]
[White "Herraiz Hidalgo, Herminio"]
[Black "Argandona Riveiro, Inigo"]
[Result "1/2-1/2"]
[WhiteElo "2520"]
[BlackElo "2371"]
[PlyCount "23"]
[EventDate "2009.04.05"]
[EventRounds "9"]
[EventCountry "ESP"]

1. d4 d5 2. c4 e6 3. Nc3 c6 4. e3 f5 5. g4 Nf6 6. gxf5 exf5 7. Qb3 dxc4 8. Bxc4
Bd6 9. Be6 Na6 10. Bxc8 Qxc8 11. a3 Qd7 12. Bd2 1/2-1/2

[Event "Donostia Hiria Nazioarteko XXX"]
[Site "Donostia-San Sebastián"]
[Date "2009.04.07"]
[Round "3"]
[White "Alvarez Fernandez, Enrique"]
[Black "Lafuente, Pablo"]
[Result "0-1"]
[WhiteElo "2376"]
[BlackElo "2517"]
[PlyCount "92"]
[EventDate "2009.04.05"]
[EventRounds "9"]
[EventCountry "ESP"]

1. d4 Nf6 2. Bf4 c5 3. e3 e6 4. c3 b6 5. Nf3 Be7 6. h3 Bb7 7. Be2 O-O 8. O-O
Nc6 9. Nbd2 cxd4 10. exd4 Re8 11. Bh2 Bf8 12. Re1 Rc8 13. Bd3 d6 14. a4 Ne7 15.
a5 bxa5 16. Nc4 Bxf3 17. Qxf3 Nc6 18. Ra2 d5 19. Ne5 Bd6 20. Ba6 Rc7 21. Bb5
Bxe5 22. Bxe5 Nxe5 23. dxe5 Nd7 24. Qe3 Re7 25. Bxd7 Rcxd7 26. Rea1 Qb6 27.
Rxa5 Qxb2 28. Rxa7 Rxa7 29. Rxa7 Rxa7 30. Qxa7 Qc1+ 31. Kh2 h6 32. Qd4 Qe1 33.
g3 Qf1 34. Qe3 Kh7 35. Qf4 Qe1 36. Qd4 Qf1 37. Qf4 Qe2 38. Kg2 Kg8 39. Qd4 g5
40. Qe3 Qc2 41. Qd4 Kg7 42. h4 Kg6 43. hxg5 hxg5 44. g4 Qe2 45. Kg3 Kg7 46. Kg2
Qe1 {Ilegible} 0-1

[Event "Donostia Hiria Nazioarteko XXX"]
[Site "Donostia-San Sebastián"]
[Date "2009.04.07"]
[Round "3"]
[White "Dobrev, Nanko"]
[Black "Tratar, Marko"]
[Result "0-1"]
[WhiteElo "2366"]
[BlackElo "2488"]
[PlyCount "102"]
[EventDate "2009.04.05"]
[EventRounds "9"]
[EventCountry "ESP"]

1. d4 d6 2. Nf3 f5 3. Nc3 Nf6 4. Bg5 Nbd7 5. Qd3 g6 6. e4 fxe4 7. Nxe4 Bg7 8.
Bd2 Nxe4 9. Qxe4 Nf6 10. Qh4 Bf5 11. Bd3 Bxd3 12. cxd3 Qd7 13. O-O Qg4 14. Qxg4
Nxg4 15. Rfe1 Kd7 16. Re2 Nf6 17. Ng5 Nd5 18. Ne6 Bf6 19. g4 g5 20. Kg2 Rag8
21. h4 h6 22. Rh1 gxh4 23. Kh3 c6 24. Rhe1 Rh7 25. f4 Rf7 26. Re4 Nc7 27. f5
Rh7 28. Rc1 Nxe6 29. fxe6+ Kc7 30. d5 h5 31. dxc6 hxg4+ 32. Rxg4 Rxg4 33. cxb7+
Kxb7 34. Kxg4 Rg7+ 35. Kf5 Rg2 36. Bc3 Bxc3 37. Rxc3 h3 38. d4 h2 39. Rh3 Rxb2
40. a3 Kc6 41. Ke4 d5+ 42. Kf4 Kd6 43. Rh6 a5 44. a4 Rd2 45. Kf5 Re2 46. Kg5
Rf2 47. Kg4 Rd2 48. Kf5 Re2 49. Kg5 Re4 50. Rxh2 Rxd4 51. Kf5 Rd1 0-1

[Event "Donostia Hiria Nazioarteko XXX"]
[Site "Donostia-San Sebastián"]
[Date "2009.04.07"]
[Round "3"]
[White "Lakunza Oyarbide, Juan Carlos"]
[Black "Maiorov, Nikita"]
[Result "0-1"]
[WhiteElo "2158"]
[BlackElo "2525"]
[PlyCount "80"]
[EventDate "2009.04.05"]
[EventRounds "9"]
[EventCountry "ESP"]

1. e4 e5 2. Nf3 Nc6 3. Bc4 Bc5 4. O-O Nf6 5. d4 exd4 6. e5 d5 7. exf6 dxc4 8.
Re1+ Be6 9. Ng5 Qd5 10. Nc3 Qf5 11. Nce4 O-O-O 12. g4 Qe5 13. fxg7 Rhg8 14.
Nxe6 fxe6 15. Bh6 d3 16. c3 Bb6 17. Qd2 Qb5 18. Nf6 Ne5 19. Qf4 Ng6 20. Qe4 e5
21. Qf5+ Kb8 22. Nxg8 Rxg8 23. Qf7 Qe8 24. Qxc4 Nh4 25. Qxd3 Qc6 26. Kf1 Qxh6
27. Rxe5 Qxg7 28. Rae1 Qf7 29. R1e2 a6 30. c4 Qf4 31. h3 Qh2 32. Re8+ Ka7 33.
Ke1 Qh1+ 34. Kd2 Nf3+ 35. Kc3 Rxe8 36. Rxe8 Qc1+ 37. Kb3 Nd4+ 38. Ka4 Qxb2 39.
Re5 Qxa2+ 40. Qa3 Qc2+ 0-1

[Event "Donostia Hiria Nazioarteko XXX"]
[Site "Donostia-San Sebastián"]
[Date "2009.04.07"]
[Round "3"]
[White "Markosian, David S"]
[Black "Diaz Herrero, Alvaro"]
[Result "1-0"]
[WhiteElo "2444"]
[BlackElo "2121"]
[PlyCount "109"]
[EventDate "2009.04.05"]
[EventRounds "9"]
[EventCountry "ESP"]

1. d4 Nf6 2. Nf3 e6 3. Bf4 c5 4. e3 b6 5. Bd3 Bb7 6. h3 Be7 7. O-O O-O 8. Nbd2
d5 9. c3 Ba6 10. Bxa6 Nxa6 11. Qa4 Nb8 12. b4 Qd7 13. Qxd7 Nfxd7 14. bxc5 bxc5
15. Rfb1 Nc6 16. Rb7 Rfd8 17. Bc7 Rdc8 18. Nb3 Kf8 19. Na5 Nxa5 20. Bxa5 Ke8
21. Ne5 Nxe5 22. dxe5 Rcb8 23. Rab1 Rxb7 24. Rxb7 Bd8 25. Bxd8 Rxd8 26. Rxa7
Rb8 27. Ra5 c4 28. e4 Rb1+ 29. Kh2 Rc1 30. exd5 exd5 31. Rxd5 Rxc3 32. Rc5 Rc2
33. Kg3 Rxa2 34. Rxc4 Ke7 35. f4 g6 36. Kf3 h5 37. Rc7+ Ke6 38. Rc6+ Ke7 39. f5
g5 40. Rc7+ Ke8 41. f6 g4+ 42. hxg4 hxg4+ 43. Kg3 Re2 44. Re7+ Kf8 45. Rb7 Ke8
46. Rb8+ Kd7 47. Rf8 Ke6 48. Re8+ Kf5 49. Re7 Rxe5 50. Rxf7 Re3+ 51. Kh4 Re2
52. Re7 Rxg2 53. f7 Rh2+ 54. Kg3 Rh8 55. Re8 1-0

[Event "Donostia Hiria Nazioarteko XXX"]
[Site "Donostia-San Sebastián"]
[Date "2009.04.07"]
[Round "3"]
[White "Vogel, Jaap"]
[Black "Tholey, Jean-Paul"]
[Result "1/2-1/2"]
[WhiteElo "2234"]
[BlackElo "2004"]
[PlyCount "39"]
[EventDate "2009.04.05"]
[EventRounds "9"]
[EventCountry "ESP"]

1. Nf3 d5 2. d4 Nf6 3. c4 dxc4 4. e3 Bg4 5. Bxc4 e6 6. h3 Bh5 7. Nc3 Nbd7 8.
O-O Bd6 9. e4 e5 10. d5 O-O 11. Be2 Bg6 12. Bg5 Bb4 13. Nxe5 Nxe5 14. f4 Bc5+
15. Kh1 Be3 16. Bh4 Re8 17. fxe5 Rxe5 18. Bd3 Qe7 19. Qf3 Bd2 20. Bxf6 1/2-1/2

[Event "Donostia Hiria Nazioarteko XXX"]
[Site "Donostia-San Sebastián"]
[Date "2009.04.07"]
[Round "3"]
[White "Torres, Patrice"]
[Black "Ivanov, Jordan"]
[Result "1/2-1/2"]
[WhiteElo "2011"]
[BlackElo "2435"]
[PlyCount "97"]
[EventDate "2009.04.05"]
[EventRounds "9"]
[EventCountry "ESP"]

1. d4 Nf6 2. c4 d6 3. Nc3 Bf5 4. f3 e5 5. d5 Na6 6. e4 Bd7 7. Be3 Be7 8. Bd3
Nh5 9. Qd2 h6 10. Nge2 Bg5 11. O-O-O Bxe3 12. Qxe3 Qg5 13. Qxg5 hxg5 14. g4 Nf4
15. Nxf4 exf4 16. Ne2 Ke7 17. h4 Kf6 18. hxg5+ Kxg5 19. Rh5+ Rxh5 20. gxh5 Kxh5
21. Rg1 g5 22. e5 Bh3 23. exd6 Nc5 24. Bc2 cxd6 25. Rh1 g4 26. Nxf4+ Kg5 27.
Nxh3+ gxh3 28. Rxh3 Kf4 29. Rh6 Rg8 30. b4 Nd7 31. Rxd6 Ne5 32. Rf6+ Ke3 33. c5
Kd4 34. Kb2 a5 35. c6 bxc6 36. dxc6 axb4 37. Kb3 Kc5 38. c7 Rc8 39. f4 Nc6 40.
Rxf7 Nd4+ 41. Kb2 Kd6 42. Kc1 Ke6 43. Rh7 Ne2+ 44. Kb2 Nxf4 45. Kb3 Kd6 46. Bf5
Rxc7 47. Rxc7 Kxc7 48. Kxb4 Kb6 49. Be4 1/2-1/2

[Event "Donostia Hiria Nazioarteko XXX"]
[Site "Donostia-San Sebastián"]
[Date "2009.04.07"]
[Round "3"]
[White "Bas Mas, Jose Joaquin"]
[Black "Berbatov, Kiprian"]
[Result "1/2-1/2"]
[WhiteElo "1962"]
[BlackElo "2393"]
[PlyCount "142"]
[EventDate "2009.04.05"]
[EventRounds "9"]
[EventCountry "ESP"]

1. e4 c5 2. Nf3 d6 3. d4 cxd4 4. Nxd4 Nf6 5. f3 e5 6. Nb3 Be6 7. c4 a5 8. Be3
a4 9. N3d2 Qa5 10. Nc3 Be7 11. Be2 O-O 12. Rc1 Bd8 13. Nd5 Bxd5 14. cxd5 Nbd7
15. O-O Bb6 16. Nc4 Bxe3+ 17. Nxe3 a3 18. b3 Rfc8 19. Qd3 g6 20. Nc4 Qc5+ 21.
Qe3 Qb4 22. Rfd1 Kf8 23. Qd2 Qxd2 24. Nxd2 Nb6 25. Kf2 Ke7 26. Nc4 Nxc4 27.
Rxc4 Rxc4 28. Bxc4 Ne8 29. Ke2 Nc7 30. Rc1 Kd7 31. Kd2 Rb8 32. Bf1 f5 33. Bd3
fxe4 34. fxe4 b5 35. Rf1 Ke7 36. Be2 Na6 37. Bd3 Nb4 38. Bb1 Rc8 39. g3 Na6 40.
Bd3 Nc5 41. Bb1 b4 42. Bc2 Nd7 43. Bd3 Rc3 44. Rc1 Rxc1 45. Kxc1 Nc5 46. Bc2
Kf6 47. Kd2 Kg5 48. h3 h5 49. Ke3 h4 50. g4 Nd7 51. Bd3 Nc5 52. Bc2 Kf6 53. Bb1
g5 54. Bc2 Ke7 55. Bb1 Kd8 56. Bc2 Kc7 57. Bb1 Kb6 58. Bc2 Nd7 59. Kd2 Nf8 60.
Bd3 Ng6 61. Be2 Kc5 62. Ke3 Nf8 63. Bd3 Nd7 64. Bb1 Nf6 65. Bd3 Ng8 66. Bc2 Nh6
67. Bd3 Nf7 68. Bc2 Nd8 69. Bd3 Nb7 70. Bb1 Na5 71. Bc2 Kb6 1/2-1/2

[Event "Donostia Hiria Nazioarteko XXX"]
[Site "Donostia-San Sebastián"]
[Date "2009.04.07"]
[Round "3"]
[White "Rudolf, Anna"]
[Black "Segura Del Frago, Imanol"]
[Result "1-0"]
[WhiteElo "2330"]
[BlackElo "1938"]
[PlyCount "67"]
[EventDate "2009.04.05"]
[EventRounds "9"]
[EventCountry "ESP"]

1. e4 Nf6 2. e5 Nd5 3. d4 d6 4. c4 Nb6 5. exd6 cxd6 6. Nc3 g6 7. Be3 Bg7 8. Rc1
O-O 9. b3 e5 10. dxe5 dxe5 11. Qxd8 Rxd8 12. c5 N6d7 13. Bc4 Nc6 14. Nf3 Na5
15. Be2 Nf8 16. Nb5 h6 17. Nd6 b6 18. b4 bxc5 19. Nxc8 Nc6 20. b5 Raxc8 21.
bxc6 Rxc6 22. Bc4 g5 23. O-O Ng6 24. Nd2 Kf8 25. Bb5 Rc7 26. Nb3 a6 27. Bxa6
Ra8 28. Nxc5 Nf4 29. Bxf4 gxf4 30. Bb7 Rxb7 31. Nxb7 Rxa2 32. Nd6 Rd2 33. Nf5
Bf6 34. Rfd1 1-0

[Event "Donostia Hiria Nazioarteko XXX"]
[Site "Donostia-San Sebastián"]
[Date "2009.04.08"]
[Round "4"]
[White "Lafuente, Pablo"]
[Black "Arribas Lopez, Angel"]
[Result "1-0"]
[WhiteElo "2517"]
[BlackElo "2379"]
[PlyCount "107"]
[EventDate "2009.04.05"]
[EventRounds "9"]
[EventCountry "ESP"]

1. d4 Nf6 2. c4 e6 3. Nc3 Bb4 4. e3 O-O 5. Nge2 d6 6. a3 Bxc3+ 7. Nxc3 e5 8.
Be2 Re8 9. O-O Bf5 10. f3 Bg6 11. d5 Nfd7 12. e4 f5 13. f4 Rf8 14. exf5 Bxf5
15. g4 Bg6 16. f5 Bf7 17. Ne4 Nc5 18. Bg5 Qd7 19. Nxc5 dxc5 20. f6 Bg6 21. Qb3
gxf6 22. Bh6 Na6 23. Bxf8 Rxf8 24. Qxb7 Qd6 25. Qxa7 f5 26. gxf5 Bxf5 27. Rf3
e4 28. Rg3+ Bg6 29. Rf1 Rb8 30. b3 Kh8 31. b4 cxb4 32. axb4 Rxb4 33. Qd4+ Kg8
34. Rf6 Qc5 35. Qxc5 Nxc5 36. Rc6 Rb1+ 37. Kf2 Nd3+ 38. Ke3 Rb7 39. Bxd3 exd3
40. Rgxg6+ hxg6 41. Rxg6+ Kf7 42. Rc6 Ke7 43. Kxd3 Kd7 44. h4 Rb1 45. Kd4 Rg1
46. Kc5 Rg4 47. h5 Rh4 48. Rh6 Kc8 49. Rh7 Rf4 50. Kb5 Rf5 51. c5 Rf6 52. h6
Kb8 53. c6 Rf1 54. Rd7 1-0

[Event "Donostia Hiria Nazioarteko XXX"]
[Site "Donostia-San Sebastián"]
[Date "2009.04.08"]
[Round "4"]
[White "Tratar, Marko"]
[Black "San Segundo Carrillo, Pablo"]
[Result "1/2-1/2"]
[WhiteElo "2488"]
[BlackElo "2560"]
[PlyCount "58"]
[EventDate "2009.04.05"]
[EventRounds "9"]
[EventCountry "ESP"]

1. Nf3 d5 2. d4 Nf6 3. c4 e6 4. g3 dxc4 5. Bg2 Nc6 6. Qa4 Bb4+ 7. Bd2 Nd5 8.
Bxb4 Ndxb4 9. O-O Rb8 10. Nc3 a6 11. Ne5 O-O 12. Nxc6 Nxc6 13. Bxc6 bxc6 14.
Qxc4 Qd6 15. b3 Rb4 16. Ne4 Qxd4 17. Qxd4 Rxd4 18. f3 f5 19. Nc5 Rfd8 20. Kf2
e5 21. Rfc1 R8d6 22. Rc2 f4 23. gxf4 Rh6 24. Kg2 e4 25. Nxe4 Bg4 26. fxg4 Rxe4
27. Rd1 Rhe6 28. Rd8+ Kf7 29. Rd7+ Ke8 1/2-1/2

[Event "Donostia Hiria Nazioarteko XXX"]
[Site "Donostia-San Sebastián"]
[Date "2009.04.08"]
[Round "4"]
[White "Maiorov, Nikita"]
[Black "Rubio Mejia, Luis Ignacio"]
[Result "1-0"]
[WhiteElo "2525"]
[BlackElo "2363"]
[PlyCount "161"]
[EventDate "2009.04.05"]
[EventRounds "9"]
[EventCountry "ESP"]

1. d4 Nf6 2. c4 e6 3. Nc3 Bb4 4. Qc2 c5 5. dxc5 Na6 6. a3 Bxc3+ 7. Qxc3 Nxc5 8.
f3 d5 9. cxd5 b6 10. Bg5 exd5 11. e3 O-O 12. Ne2 Re8 13. Nd4 h6 14. Bh4 Bd7 15.
Qd2 Qe7 16. Bf2 Ba4 17. Be2 Nb3 18. Nxb3 Bxb3 19. O-O Rac8 20. Rfc1 Bc4 21. Bd1
Qe6 22. Rc3 Nd7 23. Rac1 Ne5 24. Bg3 Ba6 25. b3 Rxc3 26. Rxc3 Rc8 27. Bc2 Rxc3
28. Qxc3 Nc6 29. h3 Qd7 30. Bf2 Qd6 31. Bb1 Ne7 32. Qc2 Ng6 33. b4 Bc4 34. Qc3
Nf8 35. Qe1 Qe5 36. Qc1 Ng6 37. Be1 Qg5 38. f4 Qe7 39. Bc3 Nf8 40. Bb2 f6 41.
e4 b5 42. e5 fxe5 43. Bxe5 Nd7 44. Bd4 Nf6 45. Qd2 Ne4 46. Qe3 a6 47. Bc2 Qe6
48. Bd1 Qg6 49. Kh2 Qf7 50. Be5 Qg6 51. g4 Nf6 52. f5 Qe8 53. Qd4 Qe7 54. Bf3
Kh7 55. Kg2 Nd7 56. Bg3 Nf6 57. Bh4 Qd6 58. Be1 Qe7 59. Bc3 Be2 60. Bxd5 Nxd5
61. Qxd5 Bc4 62. Qd4 Qb7+ 63. Kf2 Qe7 64. a4 Qf7 65. a5 Bd5 66. Qe5 Bb7 67. h4
Kg8 68. Ke3 Bc8 69. Kf4 Qc4+ 70. Qd4 Qc7+ 71. Ke3 Qg3+ 72. Kd2 Qh2+ 73. Kc1
Qh1+ 74. Kb2 Qh2+ 75. Ka3 Qc7 76. f6 Be6 77. fxg7 Bf7 78. Qf6 Qc4 79. Qd8+ Kh7
80. Qh8+ Kg6 81. g8=Q+ 1-0

[Event "Donostia Hiria Nazioarteko XXX"]
[Site "Donostia-San Sebastián"]
[Date "2009.04.08"]
[Round "4"]
[White "Camacho Collados, Jose"]
[Black "Herraiz Hidalgo, Herminio"]
[Result "1/2-1/2"]
[WhiteElo "2379"]
[BlackElo "2520"]
[PlyCount "20"]
[EventDate "2009.04.05"]
[EventRounds "9"]
[EventCountry "ESP"]

1. Nf3 Nf6 2. g3 g6 3. Bg2 Bg7 4. c4 O-O 5. O-O d5 6. cxd5 Nxd5 7. d4 Nc6 8.
Nc3 Nb6 9. d5 Na5 10. Qc2 c6 1/2-1/2

[Event "Donostia Hiria Nazioarteko XXX"]
[Site "Donostia-San Sebastián"]
[Date "2009.04.08"]
[Round "4"]
[White "Argandona Riveiro, Inigo"]
[Black "Sebenik, Matej"]
[Result "0-1"]
[WhiteElo "2371"]
[BlackElo "2482"]
[PlyCount "54"]
[EventDate "2009.04.05"]
[EventRounds "9"]
[EventCountry "ESP"]

1. Nf3 d6 2. d4 g6 3. c4 Bg7 4. Nc3 Bg4 5. e4 Nc6 6. Be3 e5 7. d5 Nd4 8. Bxd4
exd4 9. Nb5 Bxf3 10. gxf3 c5 11. Qa4 Kf8 12. O-O-O a6 13. Na3 Be5 14. Rd3 Qh4
15. Qc2 Nf6 16. Rb3 Rb8 17. Kb1 Kg7 18. h3 Nd7 19. Rg1 h5 20. Rg2 Bf4 21. Qd1
Ne5 22. Nc2 b5 23. cxb5 axb5 24. Bxb5 Qxh3 25. Qf1 Kh7 26. Ne1 c4 27. Bxc4 Nxc4
0-1